| 000 | 00629nam a2200217 4500 | ||
|---|---|---|---|
| 003 | OSt | ||
| 005 | 20260601193852.0 | ||
| 008 | 260420b1990 mx a|||| |||| 00| 0 spa d | ||
| 040 |
_aICI _bspa _cICI |
||
| 050 |
_aTK3201 _bB42 1985 |
||
| 100 | 1 | _aBecerril L., Diego Onésimo, | |
| 245 | 1 |
_aInstalaciones electricas practicas / _cBecerril l. Diego onesimo |
|
| 250 | _a11 | ||
| 264 |
_beditor no identificado, _c1985 _a[México] : |
||
| 300 | _a225 páginas | ||
| 336 |
_atexto _2rdacontent |
||
| 337 |
_asin medio _2rdamedia |
||
| 338 |
_avolumen _2rdacarrier |
||
| 650 | 4 |
_aInstalaciones eléctricas _932461 |
|
| 942 |
_2lcc _cB |
||
| 999 |
_c21891 _d21891 |
||